01338nam a22003017a 450000500170000002000320001704000230004908200150007210000090008724501420009626000810023830000380031950400490035750502830040654600090068965000550069865000360075365000170078965000220080665000250082865000270085365000230088065000250090365000240092865000180095270000310097070000350100120260205054109.0 a9789987953943cTZS 15,000/= aMULIBbeng.eAAACR a657.45 NAT aNBAA aAuditing theory and practice :binternational standards on auditing (ISAs) integrated/cNBAA, Sylvia Shayo Temu, and Judika Loti King'ori a[ Dar es Salaam ] :bThe National Board of Accountant and Auditors, cc2013. axiv, 454 p. :bcol. ill.;c29 cm. aInclude selected bibliographies p. 453 -454. a1. Chapter One : Scope of Auditing ........... 1 - 13 2. Chapter Two: Legal and Regulatory Frame work of Auditing ...... 17 - 25 3. Chapter Three: General Principles Guiding Audit Work ... 27 - 38. 4. Chapter Four : Professional Ethics in Auditing and Accounting ... 39 - 51 aeng. aAuditingvlegal and regulatory frameworkzTanzania aAuditing vprofessional ethics  aBook keeping aAuditing vfrauds aAuditor vdismissal  aAuditing vapproaches  aInternal auditing  aInventoryvauditing  aCapital vauditing  aICTvauditing aTemu, Sylvia ShayocAuthor aKing'ori, Judika LoticAuthor